100 Best Movies of the 21st Century According to the Public - Statistics

General Stats
  • This quiz has been taken 82 times
  • The average score is 40 of 100
Answer Stats
Rank Director Released Answer % Correct
5 Christopher Nolan 2014 Interstellar
84%
23 Christopher Nolan 2023 Oppenheimer
84%
1 Bong Joon Ho 2019 Parasite
82%
24 Christopher Nolan 2010 Inception
79%
6 Christopher Nolan 2008 The Dark Knight
78%
29 Quentin Tarantino 2019 Once Upon a Time in Hollywood
73%
14 Peter Jackson 2001 The Lord of the Rings: The Fellowship of the Ring
73%
15 Peter Jackson 2003 The Lord of the Rings: The Return of the King
73%
43 Peter Jackson 2002 The Lord of the Rings: The Two Towers
73%
84 Greta Gerwig 2023 Barbie
67%
33 Ridley Scott 2000 Gladiator
67%
59 Quentin Tarantino 2012 Django Unchained
66%
11 Quentin Tarantino 2009 Inglorious Basterds
66%
48 Quentin Tarantino 2003 Kill Bill: Vol. 1
61%
25 Martin Scorsese 2006 The Departed
61%
3 Ethan Coen & Joel Coen 2007 No Country for Old Men
60%
22 Wes Anderson 2014 The Grand Budapest Hotel
60%
54 Martin Scorsese 2013 The Wolf of Wall Street
60%
13 Daniel Kwan & Daniel Scheinert 2022 Everything Everywhere All at Once
58%
61 Christopher Nolan 2001 Memento
58%
8 Hayao Miyazaki 2002 Spirited Away
55%
17 Jordan Peele 2017 Get Out
54%
100 Anthony Russo & Joe Russo 2019 Avengers: Endgame
52%
16 Damien Chazelle 2016 La La Land
52%
2 David Lynch 2001 Mulholland Drive
51%
27 Denis Villeneuve 2024 Dune: Part Two
49%
36 Greta Gerwig 2017 Lady Bird
49%
64 Spike Jonze 2013 Her
48%
77 Christopher Nolan 2006 The Prestige
48%
4 Paul Thomas Anderson 2007 There Will Be Blood
48%
18 Barry Jenkins 2016 Moonlight
46%
39 Guillermo del Toro 2006 Pan's Labyrinth
46%
41 David Fincher 2007 Zodiac
45%
20 Denis Villeneuve 2016 Arrival
43%
79 David Fincher 2014 Gone Girl
43%
52 Ryan Coogler 2025 Sinners
43%
63 Denis Villeneuve 2017 Blade Runner 2049
42%
93 Martin Scorsese 2023 Killers of the Flower Moon
42%
32 Sofia Coppola 2003 Lost in Translation
42%
85 Pete Docter 2009 Up
42%
62 Ari Aster 2018 Hereditary
40%
60 Greta Gerwig 2019 Little Women
40%
28 Wes Anderson 2001 The Royal Tenenbaums
40%
10 David Fincher 2010 The Social Network
40%
19 Damien Chazelle 2014 Whiplash
40%
86 Denis Villeneuve 2021 Dune: Part One
39%
65 Wes Anderson 2009 Fantastic Mr. Fox
39%
7 George Miller 2015 Mad Max: Fury Road
39%
30 Ang Lee 2005 Brokeback Mountain
37%
38 Luca Guadagnino 2017 Call Me By Your Name
37%
81 Ang Lee 2000 Crouching Tiger, Hidden Dragon
37%
99 Ari Aster 2019 Midsommar
37%
72 Benny Safdie & Josh Safdie 2019 Uncut Gems
37%
75 Richard Linklater 2014 Boyhood
36%
37 Fernando Meirelles 2003 City of God
36%
96 Hayao Miyazaki 2004 Howl's Moving Castle
34%
40 Park Chan-Wook 2005 Oldboy
34%
92 Brad Bird 2004 The Incredibles
34%
44 Andrew Stanton 2008 WALL-E
34%
74 Darren Aronofsky 2010 Black Swan
33%
9 Michel Gondry 2004 Eternal Sunshine of the Spotless Mind
33%
58 Brad Bird 2007 Ratatouille
33%
97 Robert Eggers 2019 The Lighthouse
33%
31 Richard Linklater 2004 Before Sunset
31%
12 Wong Kar-Wai 2001 In the Mood for Love
31%
91 Rian Johnson 2019 Knives Out
31%
45 Paul Thomas Anderson 2017 Phantom Thread
30%
87 Paul Thomas Anderson 2012 The Master
30%
57 Steven Soderbergh 2001 Ocean's Eleven
28%
71 Terrence Malick 2011 The Tree of Life
28%
80 Justine Triet 2023 Anatomy of a Fall
27%
34 Bob Persichetti, Peter Ramsey, & Rodney Rothman 2018 Spider-Man: Into the Spider-Verse
27%
70 Sean Baker 2017 The Florida Project
27%
90 Paul Feig 2011 Bridesmaids
25%
49 Bong Joon Ho 2005 Memories of Murder
25%
47 Celine Song 2023 Past Lives
25%
56 Jonathan Glazer 2023 The Zone of Interest
25%
95 Ethan Coen & Joel Coen 2013 Inside Llewyn Davis
24%
66 Ethan Coen & Joel Coen 2000 O Brother, Where Art Thou?
24%
21 Alfonso Cuarón 2006 Children of Men
22%
98 Alexander Payne 2023 The Holdovers
22%
55 Alfonso Cuarón 2002 Y tu mamá también
22%
73 Tom McCarthy 2015 Spotlight
21%
76 Joachim Trier 2021 The Worst Person in the World
21%
51 Cameron Crowe 2000 Almost Famous
19%
46 Jean-Pierre Jeunet 2001 Amélie
19%
26 Céline Sciamma 2019 Portrait of a Lady on Fire
19%
68 Todd Field 2022 Tár
19%
67 Park Chan-wook 2016 The Handmaiden
18%
88 Joseph Kosinski 2022 Top Gun: Maverick
18%
69 Edward Yang 2000 Yi Yi
18%
35 Charlotte Wells 2022 Aftersun
16%
42 Jonathan Dayton & Valerie Faris 2006 Little Miss Sunshine
16%
89 Ryusuke Hamaguchi 2021 Drive My Car
15%
50 Joe Wright 2005 Pride & Prejudice
15%
83 Wim Wenders 2023 Perfect Days
13%
53 Greg Mottola 2007 Superbad
13%
82 Mark Waters 2004 Mean Girls
12%
78 Tony Gilroy 2007 Michael Clayton
10%
94 Bennett Miller 2011 Moneyball
10%
No matching quizzes found
Score Distribution
Percent of People with Each Score
Percentile by Number Answered
Your Score History
You have not taken this quiz